[Event "AUTO-BEG-152"]
[Site "http://www.queenalice.com/game.php?id=296499"]
[Date "2007.11.1"]
[Round "1"]
[White "Drica"]
[Black "gazinho"]
[Result "0-1"]
[WhiteElo "1491"]
[BlackElo "1338"]

1. e4 c5 2. b3 d5 3. exd5 Qxd5 4. Nc3 Qe6+ 5. Qe2 Nf6 6. Nb5 Qxe2+ 7. Nxe2 Kd7
8. g4 Nxg4 9. Ba3 a6 10. Nbc3 b6 11. Rg1 h5 12. Bh3 f5 13. Nf4 Nxh2 14. Bxf5+ e6
15. Nxe6 Nf3+ 16. Kf1 Nxg1 17. Kxg1 Rh6 18. Nxf8+ Ke7 19. Bxc8 Kxf8 20. Re1 Rg6+
21. Kf1 Nc6 22. Bb7 Re8 23. Ne4 Nd4 24. Nxc5 Nxc2 25. Rxe8+ Kxe8 26. Bb2 bxc5
27. Be4 Rg4 28. Bxc2 h4 29. f3 Rg3 30. Kf2 Rg5 31. b4 cxb4 32. Ba4+ Kf8 33. f4
Rg6 34. f5 Rg5 35. f6 gxf6 36. Bxf6 Rh5 37. Bd1 Rf5+ 38. Ke1 Rxf6 39. Be2 h3 40.
Bc4 h2 41. Bd5 Rd6 42. Bg2 Re6+ 43. Kd1 Rg6 44. Be4 Rg1+ 45. Kc2 h1=Q 46. Bxh1
Rxh1 47. Kb3 a5 48. a3 Rh3+ 49. Ka4 Rxa3+ 50. Kb5 b3 0-1

[Event "AUTO-BEG-152"]
[Site "http://www.queenalice.com/game.php?id=296500"]
[Date "2007.11.1"]
[Round "1"]
[White "gazinho"]
[Black "Drica"]
[Result "1-0"]
[WhiteElo "1418"]
[BlackElo "1491"]

1. d4 d5 2. Bf4 e6 3. e3 c6 4. Bd3 g5 5. Be5 Nf6 6. Qf3 Qa5+ 7. Nc3 Bg7 8. Ne2
Qb4 9. b3 Qa3 10. Rb1 b5 11. O-O h5 12. h3 b4 13. Bxf6 bxc3 14. Bxg7 g4 15. Qf6
gxh3 16. Bxh8 hxg2 17. Kxg2 Qe7 18. Qxe7+ Kxe7 19. Rh1 a5 20. Nxc3 Ba6 21. Rxh5
Bxd3 22. cxd3 Nd7 23. e4 Rg8+ 24. Kh3 dxe4 25. Nxe4 Nf8 26. Bf6+ Ke8 27. Nd6+
Kd7 28. Nc4 Ng6 29. Rxa5 Nf4+ 30. Kh4 Ng6+ 31. Kg5 Ne5+ 32. Kf4 Ng6+ 33. Ke3 Nf8
34. Ne5+ Kd6 35. Nc4+ Kd7 36. Ra7+ Kc8 37. Nd6+ Kb8 38. Rxf7 Rg6 39. Rxf8+ Kc7
40. Ne8+ Kd7 41. Rh1 Rxf6 42. Rh7+ Kd8 43. Nd6+ Rxf8 44. Nb7+ Kc8 45. Nc5 Re8
46. a4 e5 47. a5 exd4+ 48. Kxd4 Rd8+ 49. Kc3 Rd5 50. Kc4 Rxc5+ 51. Kxc5 1-0

[Event "Challenge"]
[Site "http://www.queenalice.com/game.php?id=297464"]
[Date "2007.11.3"]
[Round "-"]
[White "Camilo"]
[Black "gazinho"]
[Result "0-1"]
[WhiteElo "1967"]
[BlackElo "1486"]

1. e4 c5 2. Nf3 Nc6 3. d4 Qa5+ 4. Nc3 cxd4 5. Nxd4 e5 6. Nb3 Qb4 7. a3 Qb6 8.
Be3 Qd8 9. Qd2 d6 10. O-O-O Bg4 11. f3 Bh5 12. g4 Bg6 13. h4 h5 14. g5 Be7 15.
f4 f5 16. exf5 Bxf5 17. Bc4 Bg4 18. Rde1 Bf5 19. Nd5 Be4 20. Rhg1 g6 21. Nxe7
Ngxe7 22. fxe5 Nxe5 0-1

[Event "Challenge"]
[Site "http://www.queenalice.com/game.php?id=297465"]
[Date "2007.11.3"]
[Round "-"]
[White "gazinho"]
[Black "Camilo"]
[Result "1-0"]
[WhiteElo "1486"]
[BlackElo "1989"]

1. e4 e6 2. d4 d5 3. e5 Nc6 4. Bf4 Nge7 5. Nf3 Ng6 6. g3 Nxf4 7. gxf4 f5 8. Nc3
Bb4 9. a3 Ba5 10. b4 Bb6 11. Bb5 Bd7 12. Ng5 Nxd4 13. Qh5+ g6 14. Qd1 Nxb5 15.
Nxb5 Bxb5 16. h4 d4 17. Nxe6 Qd5 18. c4 Qxh1+ 19. Kd2 Qxd1+ 20. Rxd1 1-0

[Event "Invitation"]
[Site "http://www.queenalice.com/game.php?id=298430"]
[Date "2007.11.5"]
[Round "-"]
[White "Lintz"]
[Black "gazinho"]
[Result "1-0"]
[WhiteElo "1695"]
[BlackElo "1486"]

1. e4 c5 2. c4 Nc6 3. Nf3 e5 4. Nc3 d6 5. d3 Nb4 6. g3 Bg4 7. Be2 Ne7 8. a3 Qa5
9. Bd2 Nec6 10. axb4 Qxb4 11. O-O Bh3 12. Re1 Qxb2 13. Na4 Qxa1 14. Qxa1 Nd4 15.
Nxd4 cxd4 16. f4 Be7 17. f5 O-O 18. Bc1 b6 19. Ba3 Rac8 20. Nb2 a5 21. Nd1 h6
22. Nf2 Bxf5 23. exf5 h5 24. Bxh5 Bg5 25. Ne4 Be3+ 26. Kh1 f6 27. Nxd6 Bf2 28.
Rf1 Bxg3 29. Nxc8 Rxc8 30. hxg3 b5 31. cxb5 Rc3 32. Bg6 Rxd3 33. Rc1 Rc3 34.
Rxc3 dxc3 35. Qxc3 e4 36. Qc8# 1-0

[Event "Challenge"]
[Site "http://www.queenalice.com/game.php?id=299119"]
[Date "2007.11.6"]
[Round "-"]
[White "gazinho"]
[Black "cmnetto"]
[Result "0-1"]
[WhiteElo "1505"]
[BlackElo "1751"]

1. e4 c5 2. d4 Nc6 3. d5 Ne5 4. Be3 Qa5+ 5. Qd2 Qb6 6. Qc3 d6 7. Nd2 g6 8. Ngf3
Bg7 9. h3 Nxf3+ 10. Nxf3 Bxc3+ 11. Nd2 Qxb2 12. Rb1 Qxc2 13. Rd1 Qxe4 14. Bb5+
Bd7 15. Rc1 Bxb5 16. Rxc3 Qxg2 17. Nc4 Qxh1+ 18. Kd2 Nf6 19. Rc1 Qxd5+ 20. Kc3
Qxc4+ 21. Kd2 Qe2+ 22. Kc3 Ne4+ 23. Kb3 Qd3+ 24. Kb2 Nxf2 25. Bxf2 Qe2+ 26. Rc2
Qe5+ 27. Kc1 Qf4+ 28. Rd2 O-O 29. Kc2 Qc4+ 30. Kb2 Qb4+ 31. Kc1 c4 32. Rb2 Qa3
33. Bd4 c3 34. Bxc3 Qxc3+ 35. Rc2 Qe3+ 36. Kb2 Rac8 37. Rxc8 Rxc8 38. a4 Qc3+
39. Ka2 Bxa4 40. h4 Qb3+ 41. Ka1 Rc1# 0-1

[Event "Challenge"]
[Site "http://www.queenalice.com/game.php?id=304273"]
[Date "2007.11.15"]
[Round "-"]
[White "gazinho"]
[Black "odairsmj"]
[Result "0-1"]
[WhiteElo "1420"]
[BlackElo "1858"]

1. e4 c5 2. c4 Nc6 3. d3 g6 4. Bg5 Bg7 5. Nc3 d6 6. Nd5 Bxb2 7. Rb1 Bg7 8. Nf3
h6 9. Bf4 e5 10. Bg3 Nf6 11. Be2 Qa5+ 12. Qd2 Qxd2+ 13. Nxd2 O-O 14. O-O Nxd5
15. exd5 Nd4 16. Ne4 Nxe2+ 17. Kh1 Nxg3+ 18. fxg3 b6 19. Nf6+ Bxf6 20. Rxf6 Bf5
21. Rxd6 Bxd3 22. Rd1 Bxc4 23. Ra1 e4 24. a3 e3 25. Rc1 Bd3 26. Rc3 e2 27. Rc1
Rfe8 28. Re1 Re5 29. Rf6 Rxd5 30. Rf3 Re8 31. Rf4 Rd4 32. Rf3 c4 33. h4 c3 34.
g4 c2 35. h5 Rc8 36. hxg6 Rc7 37. gxf7+ Rxf7 38. Kh2 Rxf3 39. gxf3 Rc4 40. Kg2
c1=Q 41. Rg1 e1=Q 42. Rxe1 Qxe1 43. Kh3 Bf1+ 44. Kh2 Rc2+ 45. Kg1 Bh3# 0-1

[Event "2 x 0"]
[Site "http://www.queenalice.com/game.php?id=306021"]
[Date "2007.11.18"]
[Round "-"]
[White "odairsmj"]
[Black "gazinho"]
[Result "1-0"]
[WhiteElo "1853"]
[BlackElo "1507"]

1. e4 e5 2. f4 f6 3. Bc4 Bc5 4. fxe5 Nc6 5. Bxg8 Rxg8 6. Qh5+ g6 7. Qxh7 Ne7 8.
exf6 d5 9. fxe7 Bxe7 10. Qxg8+ Bf8 11. Qxg6+ Kd7 12. Qf7+ Qe7 13. Qxe7+ Kxe7 14.
exd5 Kd6 15. Nc3 Bd7 16. d3 Re8+ 17. Nge2 Bg4 18. Ne4+ Kxd5 19. Nf6+ Ke5 20.
Nxe8 Bb4+ 21. c3 Bd7 22. Bf4+ Ke6 23. cxb4 Bxe8 24. Bxc7 Bc6 25. O-O Kd7 26.
Rf7+ Ke6 27. Raf1 Bd5 28. Nd4# 1-0

[Event "Challenge"]
[Site "http://www.queenalice.com/game.php?id=313570"]
[Date "2007.12.1"]
[Round "-"]
[White "gazinho"]
[Black "Lintz"]
[Result "0-1"]
[WhiteElo "1494"]
[BlackElo "1719"]

1. c3 d5 2. Qb3 Nf6 3. c4 e6 4. d4 Nc6 5. c5 Nxd4 6. Qa4+ Nc6 7. Nc3 Bxc5 8. Nb5
O-O 9. Be3 Bxe3 10. fxe3 Ne4 11. Nh3 Qh4+ 12. Nf2 Qxf2+ 13. Kd1 Qxe3 14. Qc2
Nf2+ 15. Ke1 Nxh1 16. Qd2 Qc5 17. Nxc7 Rb8 18. Rc1 Qf2+ 19. Kd1 Qxf1+ 20. Qe1
Nf2+ 21. Kc2 Qxg2 22. Qd2 d4 23. Nb5 e5 24. Nd6 Qg6+ 25. Kb3 Qxd6 26. Rc4 Na5+
27. Qxa5 Be6 28. Qc5 Qxc5 29. Kc2 Qxc4+ 30. Kd2 e4 31. Ke1 e3 32. Kf1 Bh3+ 33.
Kg1 Qc1# 0-1

[Event "3 X 0"]
[Site "http://www.queenalice.com/game.php?id=322679"]
[Date "2007.12.19"]
[Round "-"]
[White "odairsmj"]
[Black "gazinho"]
[Result "1-0"]
[WhiteElo "1854"]
[BlackElo "1415"]

1. e4 c5 2. Nf3 d5 3. exd5 Qxd5 4. Nc3 Qe6+ 5. Be2 b6 6. Nb5 Na6 7. d4 c4 8. d5
Qd7 9. Bxc4 Nb4 10. Nc3 f5 11. Bb5 Nxd5 12. Bxd7+ Bxd7 13. Nxd5 Nf6 14. Nc7+ Kf7
15. Nxa8 e6 16. Ne5+ Kg8 17. Nxd7 Bb4+ 18. c3 Be7 19. Nc7 Kf7 20. Nxf6 Rd8 21.
Qb3 Bxf6 22. Qxe6+ Kg6 23. O-O Rf8 24. Bf4 h5 25. Rad1 h4 26. Rd6 b5 27. Nxb5 a5
28. Nd4 Rf7 29. Qxf5# 1-0

[Event "Challenge"]
[Site "http://www.queenalice.com/game.php?id=329758"]
[Date "2008.1.2"]
[Round "-"]
[White "cmnetto"]
[Black "gazinho"]
[Result "1-0"]
[WhiteElo "1723"]
[BlackElo "1420"]

1. d4 d5 2. c4 e6 3. Nc3 Bb4 4. Bd2 dxc4 5. a3 Bxc3 6. Bxc3 Bd7 7. e4 Bc6 8.
Bxc4 Bxe4 9. Nf3 Nf6 10. O-O Nc6 11. Ne5 Nxe5 12. dxe5 Qxd1 13. Raxd1 Nd7 14.
Bb4 c5 15. Bc3 Nxe5 16. Bxe5 O-O 17. Rfe1 Bc2 18. Rd2 Be4 19. Rxe4 Rfd8 20.
Rxd8+ Rxd8 21. h4 b6 22. Rg4 g6 23. Bc7 Rd7 24. Be5 Rd1+ 25. Kh2 Re1 26. Bf6 h5
27. Rg5 Re4 28. Bd3 Rxh4+ 29. Kg3 Kh7 30. Kxh4 a5 31. Rxh5+ Kg8 32. Rh8# 1-0

[Event "4 X 0"]
[Site "http://www.queenalice.com/game.php?id=350661"]
[Date "2008.2.8"]
[Round "-"]
[White "gazinho"]
[Black "odairsmj"]
[Result "0-1"]
[WhiteElo "1415"]
[BlackElo "1852"]

1. d4 d5 2. e4 dxe4 3. d5 Nf6 4. Nc3 e6 5. Bc4 Bb4 6. Bd2 a5 7. Nb5 Bxd2+ 8.
Qxd2 exd5 9. Bb3 O-O 10. Nc3 Be6 11. Nge2 Re8 12. Nf4 c6 13. Qd4 Na6 14. a3 Qd6
15. g3 c5 16. Nb5 Qc6 17. Ba4 cxd4 18. O-O-O Rec8 19. Rxd4 Nc5 20. Nc3 Nxa4 21.
Nxa4 Qxc2# 0-1

[Event "5 x 0"]
[Site "http://www.queenalice.com/game.php?id=375139"]
[Date "2008.3.22"]
[Round "-"]
[White "odairsmj"]
[Black "gazinho"]
[Result "1-0"]
[WhiteElo "1873"]
[BlackElo "1395"]

1. e4 b5 2. Bxb5 a6 3. Bc4 Nf6 4. Nc3 Bb7 5. d3 e5 6. Nf3 Nc6 7. Ng5 Qb8 8. Nxf7
Rg8 9. Ng5 Rh8 10. O-O h6 11. Nf3 Bc5 12. Nh4 Nd4 13. Ng6 Rg8 14. Bxg8 Nxg8 15.
Nxe5 Nf6 16. Na4 d6 17. Nxc5 dxc5 18. c3 Ne6 19. Qf3 h5 20. Bh6 Ke7 21. Be3 Qe8
22. b4 Bc6 23. Qf5 Bb7 24. bxc5 c6 25. d4 a5 26. Bg5 Nxg5 27. Qxg5 Ba6 28. Rfe1
Rb8 29. Qxg7+ Kd8 30. Qa7 Rb7 31. Qxa6 Kc7 32. Qxa5+ Kc8 33. Qa8+ Rb8 34. Qa6+
Kd8 35. Nxc6+ Kc7 36. Nxb8 Ng4 37. Rab1 h4 38. Rb7+ Kd8 39. Nc6+ Kc8 40. Qa8#
1-0

[Event "AUTO-OPEN-1077"]
[Site "http://www.queenalice.com/game.php?id=380324"]
[Date "2008.4.1"]
[Round "1"]
[White "pomar"]
[Black "gazinho"]
[Result "1-0"]
[WhiteElo "2044"]
[BlackElo "1409"]

1. e4 d5 2. exd5 Qxd5 3. Nc3 Bg4 4. Qxg4 Qe6+ 5. Qxe6 fxe6 6. d4 Nf6 7. Nf3 Nc6
8. Bb5 O-O-O 9. Bxc6 bxc6 10. Be3 Nd5 11. Ne5 Rg8 12. Nxc6 Rd6 13. Nxa7+ Kd7 14.
O-O-O Nxc3 15. bxc3 Ra6 16. Nb5 Rxa2 17. Kd2 g6 18. Ra1 Rb2 19. Rhb1 Rxb1 20.
Rxb1 Bg7 21. Bf4 Rf8 22. Ke3 c6 23. Na3 Bf6 24. Rb7+ Kc8 25. Rb8+ Kd7 26. Rxf8
g5 27. Bg3 e5 28. dxe5 Bg7 29. Rf7 Bh6 30. Rxh7 Bf8 31. Ke4 1-0

[Event "AUTO-OPEN-1077"]
[Site "http://www.queenalice.com/game.php?id=380325"]
[Date "2008.4.1"]
[Round "1"]
[White "gazinho"]
[Black "pomar"]
[Result "0-1"]
[WhiteElo "1411"]
[BlackElo "2033"]

1. d4 e6 2. e4 d5 3. e5 c5 4. Be3 Qb6 5. dxc5 Qxb2 6. Nd2 Qxe5 7. Ngf3 Qc3 8.
Rc1 Bxc5 9. Bxc5 Qxc5 10. c4 Nc6 11. Nb3 Qb4+ 12. Nfd2 Nf6 13. g3 Bd7 14. cxd5
exd5 15. Qe2+ Be6 16. Qe3 O-O 17. Bd3 Bh3 18. Qf4 Rfe8+ 19. Kd1 Qxf4 20. gxf4
Ng4 21. Kc2 Nxf2 22. Rce1 Nxh1 23. Rxh1 Re3 24. Bb5 Nb4+ 25. Kb2 a6 26. Ba4 b5
27. Bxb5 axb5 28. Rd1 Rxa2+ 29. Kb1 Bf5+ 30. Kc1 Rc3# 0-1

[Event "AUTO-OPEN-1077"]
[Site "http://www.queenalice.com/game.php?id=380350"]
[Date "2008.4.1"]
[Round "1"]
[White "gazinho"]
[Black "flajoao"]
[Result "0-1"]
[WhiteElo "1413"]
[BlackElo "2315"]

1. d4 Nf6 2. Nf3 g6 3. Nc3 d5 4. Bf4 Bg7 5. e3 Nh5 6. Ne5 Nxf4 7. exf4 f6 8. Nd3
Nc6 9. g3 Nxd4 10. Nc5 e5 11. Bb5+ Nxb5 12. Nxb5 c6 13. Nc3 d4 14. N3e4 f5 15.
Ng5 Qa5+ 16. Qd2 Qxc5 17. Ne6 Bxe6 18. O-O e4 19. Rfd1 O-O-O 20. b4 Qc3 21. Qe1
Qxe1+ 22. Rxe1 d3 23. cxd3 Bxa1 24. Rxa1 exd3 25. Rd1 d2 26. h4 Bxa2 27. f3 Bb3
28. g4 Bxd1 29. gxf5 Bxf3 30. Kf2 d1=Q 31. Kg3 gxf5 32. Kf2 Qc2+ 33. Kxf3 Rd3#
0-1

[Event "AUTO-OPEN-1077"]
[Site "http://www.queenalice.com/game.php?id=380351"]
[Date "2008.4.1"]
[Round "1"]
[White "flajoao"]
[Black "gazinho"]
[Result "1-0"]
[WhiteElo "2246"]
[BlackElo "1415"]

1. e4 e5 2. Nf3 Nc6 3. Bb5 Nd4 4. Nxd4 exd4 5. O-O c6 6. Bd3 d5 7. e5 Bc5 8. c3
f6 9. b4 Bb6 10. Re1 Nh6 11. exf6+ Kf7 12. Qh5+ Kxf6 13. Qf3+ Bf5 14. g4 Re8 15.
Rxe8 Qxe8 16. Bb2 Qe5 17. Bxf5 Re8 18. Bd7+ Ke7 19. Bxe8 Kxe8 20. h3 d3 21. Qxd3
Qf6 22. Qe2+ Kf7 23. Na3 Qh4 24. Kg2 Kg6 25. c4 Nf7 26. Qe6+ Kg5 27. f4+ Kxf4
28. Qf5# 1-0

[Event "6 X 0"]
[Site "http://www.queenalice.com/game.php?id=381130"]
[Date "2008.4.2"]
[Round "-"]
[White "odairsmj"]
[Black "gazinho"]
[Result "1-0"]
[WhiteElo "1888"]
[BlackElo "1393"]

1. e4 e5 2. Nf3 d6 3. Nc3 Nc6 4. Bb5 Bd7 5. d3 a6 6. Bc4 Nf6 7. Ng5 Bg4 8. f3
Bh5 9. Be3 b5 10. Bb3 h6 11. Nh3 Be7 12. O-O O-O 13. Qe1 Nd7 14. f4 Nb4 15. Nd5
Nc5 16. Nxe7+ Qxe7 17. Qxb4 Be2 18. Rf2 Bg4 19. fxe5 Nxb3 20. exd6 cxd6 21. Qxb3
Qe5 22. Nf4 g5 23. Ng6 Be6 24. Nxe5 Bxb3 25. Nd7 Rfd8 26. Nf6+ Kg7 27. axb3 a5
28. Bb6 Rdc8 29. c3 Rab8 30. Nd5 h5 31. Rf5 Kg6 32. Ne7+ Kg7 33. Nxc8 Kg6 34.
Nxd6 Rxb6 35. Rd5 b4 36. Nc4 Ra6 37. cxb4 Kf6 38. Raxa5 Rb6 39. Nxb6 h4 40. Rxg5
h3 41. g3 Ke6 42. e5 f6 43. Rg6 Kf5 44. Rxf6+ Kg5 45. Rf4 Kg6 46. e6 Kg7 47.
Rg5+ Kh6 48. Rg8 Kh7 49. Rfg4 Kh6 50. Rh4# 1-0

[Event "Challenge"]
[Site "http://www.queenalice.com/game.php?id=389101"]
[Date "2008.4.17"]
[Round "-"]
[White "rafajeff"]
[Black "gazinho"]
[Result "1-0"]
[WhiteElo "1652"]
[BlackElo "1407"]

1. e4 e5 2. Bc4 Nc6 3. Nf3 Nf6 4. Ng5 d5 5. exd5 Nd4 6. d6 cxd6 7. Nxf7 Qe7 8.
Nxh8 Ne4 9. Bf7+ Kd8 10. d3 Nxf2 11. Kxf2 Qxf7+ 12. Nxf7+ Ke7 13. Qh5 1-0

[Event "Challenge"]
[Site "http://www.queenalice.com/game.php?id=389102"]
[Date "2008.4.17"]
[Round "-"]
[White "gazinho"]
[Black "rafajeff"]
[Result "0-1"]
[WhiteElo "1401"]
[BlackElo "1658"]

1. e4 e5 2. d4 Bd6 3. d5 Qf6 4. Nc3 Bc5 5. Nf3 h6 6. Bb5 a6 7. Bc4 d6 8. Be3 b5
9. Bd3 b4 10. Na4 Bg4 11. h3 Bxf3 12. gxf3 Bxe3 13. fxe3 Qh4+ 0-1

[Event "7 X 0"]
[Site "http://www.queenalice.com/game.php?id=422960"]
[Date "2008.6.25"]
[Round "-"]
[White "odairsmj"]
[Black "gazinho"]
[Result "1-0"]
[WhiteElo "1816"]
[BlackElo "1391"]

1. e4 d5 2. exd5 Qxd5 3. Nc3 Qd4 4. Nf3 Qd8 5. d4 Bg4 6. Be2 Nc6 7. Bf4 Nf6 8.
Nb5 e5 9. Nxe5 Bb4+ 10. c3 Ba5 11. Bxg4 h5 12. Bf3 a6 13. Nxc6 h4 14. Nxd8 Rxd8
15. Nxc7+ Kd7 16. Nd5 Nh5 17. Bxh5 g6 18. Bg4+ Kc6 19. Bf3 h3 20. g3 Rhe8+ 21.
Be5 Kb5 22. O-O g5 23. Bc7 Rd7 24. a4+ Kc6 25. Bxa5 g4 26. Nf6+ Kd6 27. Nxe8+
Ke7 28. Qe1+ Kf8 29. Nf6 1-0